US States KiloNova has been to by Flag Maps - Statistics

General Stats
  • This quiz has been taken 24 times
  • The average score is 18 of 20
Answer Stats
Picture Answer % Correct
California
100%
Oklahoma
100%
Texas
100%
Florida
94%
Kansas
94%
New Mexico
94%
Arizona
88%
Colorado
88%
Georgia
88%
Louisiana
88%
South Dakota
88%
Washington
88%
Wyoming
88%
Alabama
82%
Mississippi
82%
Nebraska
82%
North Carolina
82%
South Carolina
82%
Virginia
82%
Oregon
76%
No matching quizzes found
Score Distribution
Percent of People with Each Score
Percentile by Number Answered
Your Score History
You have not taken this quiz